Responses for show #8279 - Thursday, November 12, 2020

Contestants

[<< previous game]

Kate Lazo, an assistant athletics director from Menlo Park, California

Nalin Kashyap, a clinical data analyst from Tempe, Arizona

Greg Marrero, a school administrator from Huntington Beach, California (whose 2-day cash winnings total $41,200)

[next game >>]

Jeopardy! Round responses

FEMINISM
DOUBLE O, DOUBLE E
5-LETTER COUNTRIES
CHOCOLATE
WILD THINGS
YOU MAKE MY HEART SING
    $200 26
(Greg: What is a syndicate?)

colleges

GregKate
    $200 18
root beer

Kate
    $200 1
Chile

Triple Stumper
    $200 10
the gods

Greg
    $200 6
the bald eagle

Kate
    $200 12
"Achy Breaky Heart"

Nalin
    $400 27
at home

Nalin
    $400 19
a look-see

Kate
    $400 2
Haiti

Greg
    $400 11
brownies

Triple Stumper
    $400 7
the cheetah

Kate
    $400 13
(Alex: Yes, from Titanic.)

"My Heart Will Go On"

Kate
    $600 28
(Nalin: What is suffrage?)

suffragette

NalinKate
    $600 20
good cheer

Kate
    $600 3
Qatar

Nalin
    $600 23
coffee

Greg
    $600 8
the cobra

Nalin
    $600 15
Toni Braxton

Kate
    $800 29
pump breast milk

Kate
    $800 21
(Greg: What is a baking sheet?)

a cookie sheet

GregKate
    $800 4
Nepal

Greg
    $1,200 24
Nestlé

Greg
    $800 9
panda

Nalin
    $800 16
Kelly Clarkson

Kate
    $1000 30
androgynous

Triple Stumper
    $1000 22
to spoon-feed them

Triple Stumper
    $1000 5
Tonga

Greg
    $1000 25
cocoa butter

Triple Stumper
    $1000 14
(Kate: What is the polecat?)

the civet

Kate
Triple Stumper
    $1000 17
"Barracuda"

Kate

Scores at the first commercial break (after clue 15):

Greg Nalin Kate
$2,400 $2,200 $600

Scores at the end of the Jeopardy! Round:

Greg Nalin Kate
$3,200 $2,000 $6,000

Double Jeopardy! Round responses

HOW ARTSY
A TOTAL SMOKE SHOW
20th CENTURY AMERICA
ADVICE TO THE NOVEL HEROINE
(Alex: You have to name the novel.)
WARM WORDS
ASIAN AMERICANS ON TV & FILM
    $400 1
Austria-Hungary

Nalin
    $400 6
Anna Karenina

Greg
    $400 20
heat

Nalin
    $400 15
Ken Jeong

Nalin
    $800 9
Michelangelo

Nalin
    $800 16
the Surgeon General

Kate
    $2,000 2
the Nasdaq

Nalin
    $800 7
Madame Bovary

Triple Stumper
    $800 21
(Greg: What is temperate?)

torrid

GregNalin
    $800 14
Lucy Liu

Nalin
    $1200 8
Rembrandt

Nalin
    $1200 17
Lost

Nalin
    $1200 3
the farm

Kate
    $1200 25
Atlas Shrugged

Greg
    $1200 22
fiery

Kate
    $1200 11
Harold & Kumar

Greg
    $1600 10
Marcel Duchamp

Triple Stumper
    $1600 18
thesmokinggun.com

Triple Stumper
    $1600 4
Washington, D.C.

Kate
    $1600 26
The Remains of the Day

Triple Stumper
    $1600 23
thermal

Triple Stumper
    $1600 12
(George) Takei

Greg
    $4,000 28
(Greg: Uh, Grandma Moses. Who is Grandma Moses?)
...
[The end-of-round signal sounds.]

Grant Wood

Greg
    $2000 19
Alaska

Triple Stumper
    $2000 5
Iran-Contra

Kate
    $2000 27
The House of Mirth

Triple Stumper
    $2000 24
(Alex: With less than a minute to go, Kate.)

balmy

Triple Stumper
    $2000 13
(Nalin: Who is Margaret Cho?)

Ali Wong

GregNalin

Scores at the end of the Double Jeopardy! Round:

Greg Nalin Kate
$4,800 $8,000 $12,800

[wagering suggestions for these scores]

Final Jeopardy! Round responses

WORLD FLAGS
GregWhat is a Dragon?
$4,799
NalinWhat is a dragon?
$8,000
KateWhat is a dragon?
$4,000
a dragon

Final scores:

Greg Nalin Kate
$9,599 $16,000 $16,800
3rd place: $1,000 2nd place: $2,000 New champion: $16,800

Game dynamics:

Coryat scores:

Greg Nalin Kate
$8,400 $6,800 $12,800
11 R
(including 1 DD),
4 W
(including 1 DD)
14 R
(including 1 DD),
2 W
18 R,
1 W

Combined Coryat: $28,000

The J! Archive is created by fans, for fans. The Jeopardy! game show and all elements thereof, including but not limited to copyright and trademark thereto, are the property of Jeopardy Productions, Inc. and are protected under law. This website is not affiliated with, sponsored by, or operated by Jeopardy Productions, Inc. Join the discussion at JBoard.tv.